An outline of psychobiology.

"This outline is intended to aid those students of psychology who have had no courses in biology covering the morphological and physiological data which are directly contributory to psychology. It is designed to convey the elementary information which is absolutely necessary, and to stimulate t...

Full description

Bibliographic Details
Main Author: Dunlap, Knight, 1875-1949
Format: eBook
Language:English
Published: Baltimore : Johns Hopkins Press, 1917.
Edition:2d ed.
Subjects:
Online Access:Connect to the full text of this electronic book

MARC

Tag First Indicator Second Indicator Subfields
LEADER 00000cam a2200000I 4500
001 in00003523945
005 20190407115751.0
006 m o d
007 cr |||||||||||
008 100819s1917 mdua om 000 0 eng d
019 |a 464678489  |a 757205573 
035 |a (OCoLC)ocn656839308 
035 |a (OCoLC)656839308  |z (OCoLC)464678489  |z (OCoLC)757205573 
040 |a VLB  |b eng  |c VLB  |d COO  |d AMAZN  |d OCLCE  |d OCLCQ  |d OCLCF  |d OCLCO  |d UtOrBLW 
049 |a TXAM 
050 4 |a QP362  |b .D92 1917 
060 4 |a WL 102  |b D921o 1917 
082 0 4 |a 612.8  |b 297 
084 |a CZ 1000  |2 rvk 
100 1 |a Dunlap, Knight,  |d 1875-1949. 
245 1 3 |a An outline of psychobiology. 
250 |a 2d ed. 
264 1 |a Baltimore :  |b Johns Hopkins Press,  |c 1917. 
300 |a 1 online resource (145 pages) :  |b illustrations. 
336 |a text  |b txt  |2 rdacontent 
337 |a computer  |b c  |2 rdamedia 
338 |a online resource  |b cr  |2 rdacarrier 
520 |a "This outline is intended to aid those students of psychology who have had no courses in biology covering the morphological and physiological data which are directly contributory to psychology. It is designed to convey the elementary information which is absolutely necessary, and to stimulate the student to further reading. Since the time which a psychologist can give to the study of biology is narrowly limited, it is essential that strong emphasis should be placed on such details as are of the greatest psychological significance, although this results in a treatment which, from the physiological point of view, is extremely unbalanced. The second edition contains more explanatory matter, a glossary, and pronunciation information"--Preface. (PsycINFO Database Record (c) 2006 APA, all rights reserved). 
588 |a Description based on print version record. 
500 |a Electronic resource. 
650 0 |a Psychophysiology. 
650 7 |a Psychophysiology.  |2 fast  |0 (OCoLC)fst01081674 
655 7 |a Electronic books.  |2 local 
730 0 |a PsycBOOKs. 
776 1 8 |i Print version:  |a Dunlap, Knight, 1875-  |t An outline of psychobiology.  |b 2d ed.  |d Baltimore, Johns Hopkins Press, 1917  |w (OCoLC)1617295 
856 4 0 |u http://proxy.library.tamu.edu/login?url=http://search.ebscohost.com/direct.asp?db=pzh&jid=200905529&scope=site  |z Connect to the full text of this electronic book  |t 0 
994 |a 92  |b TXA 
999 |a MARS 
999 f f |s f615ce55-6468-3bac-ac65-0ef263c7a096  |i f4b56546-769a-3dd6-b53c-a9ea6ea4e2ee  |t 0 
952 f f |a Texas A&M University  |b College Station  |c Electronic Resources  |d Available Online  |t 0  |e QP362 .D92 1917  |h Library of Congress classification 
998 f f |a QP362 .D92 1917  |t 0  |l Available Online